Statistics for Radio - Lyrics

Click here to take the quiz!

General Stats

  • This quiz has been taken 12 times
  • The average score is 345 of 398

Answer Stats

Answer% Correct
a
100%
can
100%
cinnamon
100%
even
100%
I
100%
is
100%
it
100%
Lick
100%
life
100%
Like
100%
like
100%
me
100%
me)
100%
my
100%
No
100%
Not
100%
now
100%
Now
100%
now?
100%
sweet
100%
Sweet
100%
the
100%
they
100%
and
88%
Baby,
88%
do
88%
dream
88%
fucking
88%
how
88%
How
88%
I'm
88%
living
88%
radio
88%
stop
88%
take
88%
up
88%
vitamin
88%
you
88%
American
75%
be
75%
because
75%
came
75%
'Cause
75%
'cause
75%
don't
75%
dreams
75%
finally
75%
found
75%
from
75%
gold
75%
hard
75%
heard
75%
in
75%
it's
75%
love
75%
(Oh,
75%
oh
75%
on
75%
paradise
75%
paved
75%
playing
75%
sing
75%
somehow
75%
streets
75%
That's
75%
to
75%
true
75%
was
75%
were
75%
what
75%
with
75%
yeah
75%
about
63%
body's
63%
Boy,
63%
bring
63%
can't
63%
dead
63%
down
63%
father
63%
flying
63%
heavy
63%
knows
63%
one
63%
overhead
63%
raised
63%
said
63%
sugar
63%
swore
63%
Their
63%
think
63%
'til
63%
words
63%
been
50%
chase
50%
I'd
50%
I've
50%
L.A.
50%
venom,
50%
'em
25%

Score Distribution

Percentile by Number Answered

Percent of People with Each Score

Your Score History

You have not taken this quiz